000 00507nam a2200181Ia 4500
005 20250326124452.0
008 250326s9999 xx 000 0 und d
037 _aTextbook
040 _aFMSL
_beng
_cFMSL
041 _aeng
_2eng
084 _aX:77.596 L2;1
_qFMSL
100 _aSingh W
_9737457
245 0 _aPolicy development
_cSingh W
260 _aNetherlands
_bNetherlands, Rotterdam University
_c1972
300 _a210p
942 _cTB
_hX:77.596 L2;1
999 _c1273834
_d1273834